000
00300nam a2200121 a 4500
005
20140414093834.0
008
030610s19uu xx 00 eng d
050
_a
CDR 574
_b
MUL 1995
245
_a
Multimedia Biology II.
650
_a
Biology
_x
Interactive videos.
942
_c
AVM
999
_c
108919
_d
108919